Numerical Methods (Record no. 7789)

MARC details
000 -LEADER
fixed length control field 00297nam a2200133Ia 4500
008 - FIXED-LENGTH DATA ELEMENTS--GENERAL INFORMATION
fixed length control field 191201s2011 xx 000 0 und d
082 ## - DEWEY DECIMAL CLASSIFICATION NUMBER
Classification number 510
Item number BAN
100 ## - MAIN ENTRY--PERSONAL NAME
Personal name BALAGURUSAMY,E
245 #0 - TITLE STATEMENT
Title Numerical Methods
250 ## - EDITION STATEMENT
Edition statement Rep
260 ## - PUBLICATION, DISTRIBUTION, ETC. (IMPRINT)
Date of publication, distribution, etc 2011
Name of publisher, distributor, etc TMH
Place of publication, distribution, etc NEW DELHI
300 ## - PHYSICAL DESCRIPTION
Extent 608
942 ## - ADDED ENTRY ELEMENTS (KOHA)
Source of classification or shelving scheme Dewey Decimal Classification
Koha item type Text Books
Holdings
Withdrawn status Lost status Source of classification or shelving scheme Damaged status Not for loan Collection code Home library Current library Date acquired Source of acquisition Bill Number Total Checkouts Full call number Acc. no. / Barcode Date last seen Bill Date Koha item type Public note Cost, normal purchase price Date last borrowed Actual Cost, discounted price
    Dewey Decimal Classification     Applied Sc. PIET C-LIBRARY PIET C-LIBRARY 05/08/2017 DONATED BY DR.POOJA WALIA MAN DONATED BY DR.POOJA WALIA MAN   510 BAN 29659 04/12/2019 01/05/2017 Reference Books Donated By Dr.pooja Walia Man      
    Dewey Decimal Classification     Applied Sc. PIET C-LIBRARY PIET C-LIBRARY 18/08/2007 J B C, New Delhi 700   510 BAN 6179 23/12/2019 28/07/2007 Text Books   225.00    
    Dewey Decimal Classification     Applied Sc. PIET C-LIBRARY PIET C-LIBRARY 18/08/2007 J B C, New Delhi 700 1 510 BAN 6180 09/09/2022 28/07/2007 Text Books   225.00 14/07/2022  
    Dewey Decimal Classification     Applied Sc. PIET C-LIBRARY PIET C-LIBRARY 18/08/2007 J B C, New Delhi 700 1 510 BAN 6181 18/06/2022 28/07/2007 Text Books   225.00 20/04/2022  
    Dewey Decimal Classification     Applied Sc. PIET C-LIBRARY PIET C-LIBRARY 18/08/2007 J B C, New Delhi 700   510 BAN 6182 04/12/2019 28/07/2007 Text Books   225.00    
    Dewey Decimal Classification     BCA PIET C-LIBRARY PIET C-LIBRARY 07/03/2012 IBH, New Delhi 4863 1 510 BAN BC170 12/02/2024 07/03/2012 Text Books   395.00 04/01/2024 254.06
    Dewey Decimal Classification     BCA PIET C-LIBRARY PIET C-LIBRARY 07/03/2012 IBH, New Delhi 4863   510 BAN BC171 04/12/2019 07/03/2012 Text Books   395.00   254.06
    Dewey Decimal Classification     BCA PIET C-LIBRARY PIET C-LIBRARY 07/03/2012 IBH, New Delhi 4863 1 510 BAN BC172 11/01/2024 07/03/2012 Text Books   395.00 04/01/2024 254.06

Design & Developed by: PIET Central Library
R70 Miles Stone Pattikalyana Samalkha Panipat 132102
mail ID :- [email protected], Phone No:- 0180-2569700 Ex.216